Lakossági állampapírok és szerepük a magyar lakosság pénzügyi kultúrájában

Bibliographic Details
Main Author: Dimov Máté Bálint
Other Authors: Dobák Dr. Dóra Éva
Format: Students’ Scientific Association paper
Kulcsszavak:állampapír
befektetett pénzügyi eszközök
befektetés
lakossági megtakarítások
pénzügyi kultúra
Online Access:http://dolgozattar.uni-bge.hu/60452

MARC

LEADER 00000nta a2200000 i 4500
001 dolg60452
005 20260416073726.0
008 260416suuuu hu o 000 hun d
040 |a BGE Dolgozattár Repozitórium  |b hun 
041 |a hu 
100 1 |a Dimov Máté Bálint 
245 1 0 |a Lakossági állampapírok és szerepük a magyar lakosság pénzügyi kultúrájában  |c Dimov Máté Bálint  |h [elektronikus dokumentum] 
516 |a Students_Scientific_Association_paper 
520 3 |a A magyar háztartások megtakarítási szokásait más (pl. Európai) országokkal összehasonlítva megfigyelhetjük, hogy a magyarok kimagaslóan magas arányban tartanak kötvényeket. Ez nem véletlen, a magyar állam ugyanis rendkívül kedvező feltételekkel értékesít különböző típusú állampapírokat,ilyen például az állampapírok adómentessége vagy az ingyenes értékpapír számla vezetés a Magyar Államkincstárnál. Az állampapír az államadósság finanszírozásának egyik legfontosabb eszköze. Számos előnye van mind az állam mind az azt birtokló lakossági vagy intézményi befektetők szempontjából is. Az állampapír kibocsátás lehetővé tesz, hogy az állam „befelé” adósodjon el, saját devizában így külföldi finanszírozási kitettség csökken, erősödik a pénzügyi szuverenitás miközben a befektetők számára egy rendkívül biztonságos befektetési termék jön létre (az állam garanciát vállal a befektetett tőke visszafizetésére így gyakran „kockázatmentes” befektetésnek is szokták nevezni. De milyen hatással van a hazai lakossági megtakarítások magas állampapír-koncentrációja a lakossági portfoliók diverzifikációjára? Mi jellemzi a magyar háztartások megtakarításainak szerkezetét? Milyen mértékben szorította ki az állampapírok elterjedése a bankbetéteket? Milyen mértékben okozta az állampapír értékesítés digitalizációja a nyomdai papírok térvesztését? Mennyire érzi a (magyar) lakosság „biztonságosnak” az állampapírt egy esetleges válsághelyzet idején? Kutatásomban kérdőívvel szeretném vizsgálni az állampapír befektetők viselkedését, magyar államba fektetett bizalmát, illetve esetleges válsághelyzetre vagy a kamatkörnyezet hirtelen változására adott reakcióikat. A tömeges eladások vizsgálatának fontos eszköze továbbá a szaksajtóban a témában megjelenő cikkek tömkelege lesz. A materializált állampapírok népszerűségének változását többek között részarány elemzéssel, trendek vizsgálatával igyekszem majd bemutatni, az ÁKK állományi adatainak vizsgálatával. A részarány elemzéseket, illetve a negatív korreláció vizsgálatot (állampapír állomány növekedés okoz-e betét állomány csökkenést), az MNB megtakarítási termékek összehasonlítására készített platformján elérhető adatokból, azok jellemzőinek változását monitorozó táblák segítségével fogom elvégezni. A dolgozat során kiemelt figyelmet szeretnék fordítani a szemléletes ábrák, diagrammok kimutatások, dashboardok készítésére (pl. PowerBI). A kérdőív eredményeit, az adott ismérvek közötti kapcsolatokat IBM SPSS szoftverrel szeretném feldolgozni. 
695 |a állampapír 
695 |a befektetett pénzügyi eszközök 
695 |a befektetés 
695 |a lakossági megtakarítások 
695 |a pénzügyi kultúra 
700 1 |a Dobák Dr. Dóra Éva  |e ths 
856 4 0 |u http://dolgozattar.uni-bge.hu/60452/1/Dimov_Mate_Balint_Lakossagi_allampapirok_es_szerepuk_a_magyar_lakossag_penzugyi_kulturajaban.pdf  |z Dokumentum-elérés 
856 4 0 |u http://dolgozattar.uni-bge.hu/60452/2/Dimov_Mate_Balint_rezume.docx  |z Dokumentum-elérés 
856 4 0 |u http://dolgozattar.uni-bge.hu/60452/3/Dimov_Mate_Balint_HSZ.pdf  |z Dokumentum-elérés 
856 4 0 |u http://dolgozattar.uni-bge.hu/60452/4/Dimov_M%C3%A1t%C3%A9_B%C3%A1lint_b%C3%ADr%C3%A1lat_Orsz%C3%A1g_A.pdf  |z Dokumentum-elérés